| 000 | 00689nam a22001817a 4500 | ||
|---|---|---|---|
| 005 | 20251108165817.0 | ||
| 008 | 250721s1986 xx 000 0 ara d | ||
| 082 | 1 | 4 | _aم/463.1/موت |
| 100 | 1 | _aمرتنيث، فرناندو بلديراما | |
| 245 | 1 | 0 |
_aمعجم إسباني عربي و عربي أسباني : _bالمصطلحات الإقتصادية و المالية و التجارية / |
| 264 | 1 |
_aمدريد : _bالمعهد الإسباني العربي للثقافة، _c1986. |
|
| 300 | _a483ص | ||
| 650 | 1 | 7 | _aاللغة الإسبانية |
| 650 | 1 | 7 | _aمعاجم المصطلحات |
| 650 | 1 | 7 | _aاللغة العربية |
| 942 |
_2ddc _cREF |
||
| 999 |
_c31890 _d31890 |
||